00334 a2200097 4500001001000000005001700010008004100027245007700068100002400145773006700169ART_4212520260410162005.0260409a 10aEl derecho a la imágen en el Código Civil y Comercial de la Nación1 aLencina, Marcelo A.0 tTemas de derecho civilg- Año 3, Nº 5 (mayo 2017)wREV34778